Ceremonia de investidura como Doctor Honoris causa al profesor E.W. Dietrich Trincker (Record no. 146817)

MARC details
000 -LEADER
campo de control de longitud fija 00590nam a2200169 i 4500
001 - NÚMERO DE CONTROL
campo de control 146817
003 - IDENTIFICADOR DE NÚMERO DE CONTROL
campo de control ES-MaACL
005 - FECHA Y HORA DE LA ÚLTIMA TRANSACCIÓN
campo de control 20230906201700.0
007 - CAMPO FIJO DE DESCRIPCIÓN FÍSICA--INFORMACIÓN GENERAL
campo de control de longitud fija t|
008 - DATOS DE LONGITUD FIJA--INFORMACIÓN GENERAL
campo de control de longitud fija 070918s1982 sp ||||1| spa d
100 1# - ENTRADA PRINCIPAL--NOMBRE DE PERSONA
Nombre de persona Trincker, Dietrich E. W.
9 (RLIN) 111447
245 10 - MENCIÓN DEL TÍTULO
Título Ceremonia de investidura como Doctor Honoris causa al profesor E.W. Dietrich Trincker
Resto del título : tema: problemas y aspectos actuales de la Neurobiología.
260 ## - PUBLICACIÓN, DISTRIBUCIÓN, ETC.
Lugar de publicación, distribución, etc. Cádiz :
Nombre del editor, distribuidor, etc. Universidad,
Fecha de publicación, distribución, etc. 1982.
300 ## - DESCRIPCIÓN FÍSICA
Extensión 46 p. :
Otras características físicas il. ;
Dimensiones 24 cm.
710 2# - ENTRADA AGREGADA--NOMBRE DE ENTIDAD CORPORATIVA
Nombre de entidad corporativa o nombre de jurisdicción como elemento de entrada Universidad de Cádiz.
9 (RLIN) 171718
852 ## - LOCALIZACIÓN
Ubicación ES-MaACL
Número de control de estantería 2125-F-20
Sublocalización o colección R.104131
Holdings
Estatus retirado Estado de pérdida Estado de daño No para préstamo Colección Biblioteca de origen Biblioteca actual Ubicación en estantería Fecha de adquisición Fuente de adquisición Total de préstamos Signatura topográfica completa Código de barras Visto por última vez Precio de reemplazo Tipo de ítem Koha
        Colección de folletos Biblioteca del Ateneo de Madrid Biblioteca del Ateneo de Madrid Depósito folletos 17/01/2008     2125-F-20 1153228 23/02/2023 23/02/2023 Folleto